Autour du Top 50 : les records - Statistiques

Statistiques générales
  • Ce quiz a été pris 66 fois
  • Le résultat moyen est 59 sur 150
Statistiques - réponses
Artistes ayant le plus de titres à la 1ère place (singles) Initiales Artiste (Prénom et Nom OU pseudo) % Correct
21 MF Mylène Farmer
92%
58 MF Mylène Farmer
92%
3 MF Mylène Farmer
92%
9 JH Johnny Hallyday
84%
41 JH Johnny Hallyday
84%
Pharell Williams 22 Happy
73%
6 CD Céline Dion
69%
18 CD Céline Dion
69%
Luis Fonsi et Daddy Yankee 18 Despacito
63%
Luis Fonsi et Daddy Yankee 13 Despacito
63%
Sia - Chandelier 35 2014
61%
Lilly Woord ad the Prick et R. Schulz 28 2014
61%
Ed Sheeran 36 2017
61%
Luis Fonsi et Daddy Yankee 29 2017
61%
Lady Gaga & B. Cooper 46 2018
61%
Lady Gaga - Always remember Us this way 25 2018
61%
Trois cafés gourmands - A nos souvenirs 33 2018
61%
Gims et Vianney - La Même 25 2018
61%
Tones and I 37 2019
61%
The Weeknd 35 2019
61%
Angèle - Balance ton quoi 26 2019
61%
Alizée - Moi, Lolita 31 2000
60%
Daniel Lévi - L'envie d'aimer 30 2000
60%
Ilona Mitrecey 28 2005
60%
Hung up - Madonna 16 2005
60%
Crazy - Gnaris Barkley 10 2006
60%
Relax, take it easy - Mika 14 2007
60%
New soul - Yael Naïm 14 2007
60%
Don't stop the music - Rihanna 12 2007
60%
Helmut Fritz - Ca m'énerve 27 2009
60%
Ca m'énerve - Helmut Fritz 10 2009
60%
Sexy bitch - David Guetta 10 2009
60%
Waka waka - Shakira 10 2010
60%
Carly Rae Jepsen 26 2012
60%
Ph. Williams 37 2013
60%
Stromae - Formidable 27 2013
60%
Daft Punk Ph. Williams Nile Rodgers - Get lucky 26 2013
60%
Robin Thicle et Ph. Williams - Blurred lines 26 2013
60%
Kungs vs Cookin' on 3 burners - This Girl 30 2016
60%
The Weeknd Daft punk - I feel it coming 29 2016
60%
Rag'n Bone Man - Human 28 2016
60%
Imany - Don't be so shy 26 2016
60%
4 G Garou
60%
Enrique Iglesias et Nadiya 28 2008
58%
American boy - Estelle et Kanye West 10 2008
58%
Youssou N'Dour et Neneh Cherry 25 1994
56%
Céline Dion 31 1995
56%
D. Lavoie, P. Fiori et Garou 31 1998
56%
Larusso 26 1998
56%
Ed Sheeran 15 Shape of you
56%
Ed Sheeran 15 Shape of you
56%
Lou Bega 26 1999
55%
Lady Gaga & Bradley Cooper 22 Shallow
55%
Jordy 26 1992
53%
Stromae 10 Alors on danse
50%
D. Lavoie, P. Fiori et Garou 18 Belle
50%
Vanessa Paradis 11 Joe le taxi
48%
Larusso 12 Tu m'oublieras
47%
Carly Rae Jepsen 11 Call me maybe
45%
Manau 12 La tribu de Dana
45%
Adele 11 Hello
44%
5 J Jul
44%
38 J Jul
44%
Stéphanie de Monaco 10 Ouragan
44%
25 B Booba
42%
10 B Booba
42%
43 B Booba
42%
4 G Gims
42%
20 G Gims
42%
Garou 11 Seul
42%
Yannick 15 Ces soirées là
40%
SCH kofs, Jul... 12 Bande organisée
39%
4 S Stromae
39%
Images 13 Les démons de minuit
35%
19 MJ Michaël Jackson
35%
6 R Rihanna
35%
22 R Rihanna
35%
4 R Rihanna
35%
3 N Niska
34%
37 N Niska
34%
8 D Damso
32%
4 EJ Elton John
32%
6 LG Lady Gaga
32%
21 LG Lady Gaga
32%
4 O Orelsan
32%
21 O Orelsan
32%
8 S SCH
32%
36 S SCH
32%
21 V Vald
32%
Naps 10 La Kiffance
31%
Céline Dion 13 My heart will go on
31%
4 N Naps
31%
Céline Dion 12 Pour que tu m'aimes encore
31%
Ilona Mitrecey 15 Un monde parfait
31%
Mark Ronson et Bruno Mars 11 Uptown funk
31%
Tones and I 14 Dance monkey
29%
O-Zone 15 Dragostea din tei
29%
4 FP Florent Pagny
29%
Gala 13 Freed from Desire
29%
3 G Gazo
29%
Jena Lee 11 J'aimerais tellement
29%
8 N Ninho
29%
78 N Ninho
29%
Cheerleader 10 OMI
29%
Gazo 13 Die
26%
Ph. d'Avilla, D. Sargue G. Baquet 17 Les rois du monde
26%
5 S Shakira
26%
Las Ketchup 11 The Ketchup song
26%
The Weeknd 13 Blinding Lights
24%
6 I Indochine
24%
4 PW Pharell Williams
24%
Youssou N'Dour et Neneh Cherry 16 7 seconds
23%
4 DG David Guetta
23%
28 DG David Guetta
23%
Niska 11 Réseaux
23%
Master KG, Burna Boy et Nomcebo Zikode 18 Jerusalema
21%
Kaoma 12 Lambada
21%
René la Taupe 13 Mignon, mignon
21%
Bratisla Boys 10 Stach stach
21%
Crazy Frog 13 Axel F
19%
DJ Bobo 10 Chihuahua
19%
4 JB Justin Bieber
19%
22 M Madonna
19%
Lou Berga 20 Mambo n°5
19%
Israel Kamakawiwoʻole 10 Over the rainbow
19%
5 A Aya Nakamura
18%
18 A Aya Nakamura
18%
Coolio et L.V. 13 Gangsta's paradise
18%
15 BS Britney Spears
16%
Jordy 15 Dur dur d'être bébé
16%
Los Lobos 11 La bamba
15%
Lagaf' 11 La Zoubida
15%
3 S Shakira
15%
Licence IV 13 Viens boire un p'tit coup à la maison
15%
Wes 10 Alane
13%
4 DP Daft Punk
11%
Shaggy 10 It wasn't me
11%
4 MY Michaël Youn
11%
Lilly Woord ad the Prick et R. Schulz 15 Prayer in C
11%
K. Antonn et B. Tyler 10 Si demain...
10%
Enrique Iglesias et Nadiya 11 Tired of being sorry
10%
Robert Miles 11 Children
8%
3 H Heuss l'enfoiré
8%
Elton John 10 Can you feel the love tonight
5%
4 G Gambi
5%
Freddie Mercury 15 Living on my own
5%
3 S Soso Maness
5%
Collectif 10 Pour toi Arménie
2%
47 B Bamso
0%
3 N NHL
0%
Aucun quiz correspondant
Distribution des résultats
% des personnes avec chaque résultat
Percentile par nombre de réponses
Votre historique - résultats
Vous n’avez pas pris ce quiz